[Event "Brasileiro de Jovens 2012 - Absoluto"]
[Site "Sao Paulo"]
[Date "2012.02.18"]
[Round "2.9"]
[White "Takeda, Lucas Koji"]
[Black "Alvarenga De Carvalho, Miguel A"]
[Result "0-1"]
[WhiteElo "1862"]
[BlackElo "2062"]
[PlyCount "92"]
[EventDate "2012.02.18"]

1. d4 d5 2. Nf3 e6 3. c4 c6 4. cxd5 exd5 5. Nc3 Bd6 6. Bg5 Ne7 7. e3 O-O 8. Bd3
f6 9. Bh4 Bf5 10. O-O Nd7 11. Bg3 Nb6 12. Qc2 Bxd3 13. Qxd3 Nc4 14. b3 Bxg3 15.
hxg3 Nd6 16. b4 Qd7 17. a4 a5 18. b5 cxb5 19. axb5 b6 20. Rfc1 Rac8 21. Nd2
Rfe8 22. Qb1 Nc4 23. Qd3 Nxd2 24. Qxd2 Rc4 25. Qb2 Rec8 26. Na2 Rxc1+ 27. Rxc1
Rxc1+ 28. Nxc1 Qc7 29. Ne2 Qc4 30. Nc3 f5 31. Qa3 Kf7 32. Qb2 Nc8 33. Nb1 Nd6
34. Na3 Qb4 35. Qxb4 axb4 36. Nc2 b3 37. Na3 b2 38. Kf1 Nxb5 39. Nb1 Nd6 40. f3
Nc4 41. Ke2 b5 42. Kd3 Ke6 43. Kc3 Kd6 44. Kd3 h5 45. Ke2 b4 46. Kd3 Na3 0-1

[Event "Brasileiro de Jovens 2012 - Absoluto"]
[Site "Sao Paulo"]
[Date "2012.02.18"]
[Round "2.11"]
[White "Devescovi Parreira, Pedro Paulo"]
[Black "Goncalves, Leonardo Yamamoto P"]
[Result "1-0"]
[WhiteElo "2008"]
[BlackElo "1821"]
[PlyCount "65"]
[EventDate "2012.02.18"]

1. d4 g6 2. Nf3 Bg7 3. c4 c5 4. d5 d6 5. Nc3 Bxc3+ 6. bxc3 f5 7. e3 Qa5 8. Qc2
Nf6 9. Bd3 Nbd7 10. O-O b5 11. cxb5 Nxd5 12. e4 fxe4 13. Bxe4 N7f6 14. c4 Nb4
15. Qb1 Nxe4 16. Qxe4 Rb8 17. Re1 Qc7 18. Bg5 Rb7 19. a3 Bf5 20. Qh4 Nc2 21.
Rxe7+ Qxe7 22. Bxe7 Rxe7 23. Rd1 Kd7 24. Qf6 Rhe8 25. Qxd6+ Kc8 26. Qxc5+ Kb8
27. Qd6+ Kc8 28. c5 Ne1 29. Qa6+ Kb8 30. Nd4 Bd7 31. b6 Ba4 32. Qxa4 Nd3 33.
Nc6+ 1-0

[Event "Brasileiro de Jovens 2012 - Absoluto"]
[Site "Sao Paulo"]
[Date "2012.02.18"]
[Round "2.12"]
[White "Saito, Vinicius"]
[Black "Sztokbant, Bernardo Vainzoff"]
[Result "1/2-1/2"]
[WhiteElo "2042"]
[BlackElo "2016"]
[PlyCount "157"]
[EventDate "2012.02.18"]

1. e4 e5 2. Nf3 Nc6 3. Bb5 a6 4. Bxc6 dxc6 5. d4 exd4 6. Qxd4 Qxd4 7. Nxd4 Bd7
8. Nc3 Bd6 9. Be3 Ne7 10. O-O-O O-O-O 11. Nde2 Ng6 12. f3 Rhe8 13. a3 Ne5 14.
Kb1 Nc4 15. Bc1 Bc5 16. Nd4 Nd6 17. Rhe1 Nb5 18. Ncxb5 cxb5 19. Nb3 Bd6 20. Be3
b4 21. axb4 Bxb4 22. c3 Ba4 23. Rxd8+ Rxd8 24. Nc1 Bd6 25. b3 Bd7 26. Bd4 f6
27. Nd3 Bb5 28. Nc1 Bxh2 29. Kc2 Bd6 30. g4 b6 31. c4 Be8 32. Bc3 Bg6 33. Nd3
Re8 34. Rg1 h6 35. Ra1 Kb7 36. Bd4 c5 37. Be3 Bxe4 38. fxe4 Rxe4 39. Kd2 Rxg4
40. Rf1 h5 41. Rf5 h4 42. Rh5 Bg3 43. Ke2 g6 44. Rh7+ Kc6 45. Kf3 f5 46. Rh6
Kd7 47. Nf4 Bxf4 48. Bxf4 g5 49. Bh2 Rd4 50. Rxb6 g4+ 51. Ke2 f4 52. Rh6 f3+
53. Ke3 g3 54. Bxg3 hxg3 55. Kxf3 Rd6 56. Rh7+ Kc6 57. Kxg3 Rd3+ 58. Kf4 Rxb3
59. Rh6+ Kb7 60. Ke4 Rg3 61. Kd5 Rg5+ 62. Ke4 Ka7 63. Kd3 Rg4 64. Kc3 Rg3+ 65.
Kb2 Rg7 66. Rc6 Rg5 67. Rh6 Kb7 68. Kb3 Rg7 69. Rf6 Rc7 70. Ka4 Rc6 71. Rf7+
Kb6 72. Rh7 Rg6 73. Rf7 Rg4 74. Rf6+ Kb7 75. Rf7+ Kc6 76. Rf6+ Kd7 77. Rxa6
Rxc4+ 78. Kb5 Rc1 79. Rh6 1/2-1/2

[Event "Brasileiro de Jovens 2012 - Absoluto"]
[Site "Sao Paulo"]
[Date "2012.02.18"]
[Round "2.13"]
[White "De Assis, Henrique Zerbini J"]
[Black "Bufalo, Alexander Davidson"]
[Result "0-1"]
[WhiteElo "1735"]
[BlackElo "1752"]
[PlyCount "26"]
[EventDate "2012.02.18"]

1. e4 e5 2. Nf3 Nc6 3. d4 exd4 4. Nxd4 Bc5 5. Be3 Qf6 6. c3 d6 7. a4 Nge7 8.
Na3 a6 9. Nac2 Qg6 10. Qf3 O-O 11. Be2 Ne5 12. Qf4 f5 13. Bf3 Nd3+ 0-1

[Event "Brasileiro de Jovens 2012 - Absoluto"]
[Site "Sao Paulo"]
[Date "2012.02.18"]
[Round "2.14"]
[White "Cruz, William Ferreira Da"]
[Black "Rodrigues, Fernanda Dos Santos"]
[Result "1-0"]
[WhiteElo "2152"]
[BlackElo "1902"]
[PlyCount "65"]
[EventDate "2012.02.18"]

1. d4 Nf6 2. c4 e6 3. Nc3 Bb4 4. e3 Bxc3+ 5. bxc3 c5 6. Bd3 Nc6 7. Ne2 d6 8.
O-O O-O 9. e4 e5 10. d5 Ne7 11. Bg5 Ng6 12. f4 Bg4 13. fxe5 Nxe5 14. Bxf6 gxf6
15. Qd2 Bxe2 16. Bxe2 Kh8 17. Qh6 Ng6 18. Rf5 Rg8 19. Raf1 Rg7 20. Rxf6 Qe7 21.
Bh5 Rag8 22. Bxg6 Rxg6 23. Rxg6 Rxg6 24. Qf4 Kg7 25. Rf3 h5 26. h3 a6 27. Re3
Rg5 28. Kh2 h4 29. Kh1 Re5 30. g3 f5 31. gxh4 Rxe4 32. Rg3+ Kh8 33. Qh6+ 1-0

[Event "Brasileiro de Jovens 2012 - Absoluto"]
[Site "Sao Paulo"]
[Date "2012.02.18"]
[Round "2.15"]
[White "Brandao, Renan Alves"]
[Black "Awoki, Daniel Teidi"]
[Result "1-0"]
[WhiteElo "2096"]
[BlackElo "1900"]
[PlyCount "133"]
[EventDate "2012.02.18"]

1. d4 d5 2. Nf3 Nf6 3. c4 dxc4 4. e3 e6 5. Bxc4 a6 6. O-O b5 7. Bb3 Bb7 8. Qe2
c5 9. a4 c4 10. Bc2 Qc7 11. axb5 axb5 12. Rxa8 Bxa8 13. b3 Nbd7 14. Na3 Qa5 15.
Nb1 c3 16. e4 Be7 17. d5 e5 18. Nh4 Bc5 19. Nf5 O-O 20. Qf3 b4 21. Qg3 g6 22.
Bg5 Re8 23. Qh4 Qb6 24. Nh6+ Kg7 25. Rd1 Ng8 26. Ng4 h5 27. Ne3 f6 28. Qh3 Qa7
29. Bh4 g5 30. Nf5+ Kg6 31. Qf3 Nh6 32. Bg3 h4 33. Bxh4 gxh4 34. Nxh4+ Kh7 35.
Nf5 Bf8 36. Qh5 Re7 37. Nxe7 Bxe7 38. Qe8 Bc5 39. Rd3 Nb6 40. Rg3 Qf7 41. Qb8
Bb7 42. Nxc3 bxc3 43. Rxc3 Qe7 44. b4 Bd6 45. Qa7 Nc8 46. Qa4 Nf7 47. b5 Kg7
48. Qb3 Qd7 49. Rg3+ Kf8 50. Bd1 Na7 51. Be2 Nc8 52. Rg6 Qe7 53. h4 Nd8 54. Qf3
Nb6 55. Qe3 Bc7 56. Qh6+ Ke8 57. Bg4 Nd7 58. Rg7 Nf8 59. Bh5+ Nf7 60. Rxf7 Qxf7
61. Bxf7+ Kxf7 62. Qh5+ Ke7 63. Qg4 Kd8 64. Qg7 Nd7 65. h5 Bd6 66. h6 Bf8 67.
Qg8 1-0

[Event "Brasileiro de Jovens 2012 - Absoluto"]
[Site "Sao Paulo"]
[Date "2012.02.18"]
[Round "2.16"]
[White "Rodrigues, Bruno Morado"]
[Black "Pereira, Andre Marques"]
[Result "1-0"]
[WhiteElo "2066"]
[BlackElo "1867"]
[PlyCount "51"]
[EventDate "2012.02.18"]

1. e4 e6 2. d4 d5 3. Nc3 Nf6 4. Bg5 Be7 5. e5 Nfd7 6. Bxe7 Qxe7 7. f4 c5 8. Nb5
O-O 9. Nc7 Nb6 10. Nxa8 Nxa8 11. Nf3 cxd4 12. Qxd4 Nc6 13. Qd2 a6 14. Bd3 Nb4
15. O-O-O Nxa2+ 16. Kb1 Nb4 17. Ng5 g6 18. h4 Nxd3 19. Qxd3 Bd7 20. h5 h6 21.
hxg6 Bb5 22. Qh3 fxg6 23. Qxh6 Qg7 24. Qxg7+ Kxg7 25. Rh7+ Kg8 26. Rdh1 1-0

[Event "Brasileiro de Jovens 2012 - Absoluto"]
[Site "Sao Paulo"]
[Date "2012.02.18"]
[Round "2.17"]
[White "Carvalho, Rafael Cunha De"]
[Black "Correia, Vitor Paie"]
[Result "1-0"]
[WhiteElo "2053"]
[BlackElo "1504"]
[PlyCount "91"]
[EventDate "2012.02.18"]

1. d4 Nf6 2. c4 g6 3. Nc3 d5 4. cxd5 Nxd5 5. Bd2 Bg7 6. e4 Nxc3 7. Bxc3 O-O 8.
Rc1 Nc6 9. Nf3 Bg4 10. d5 Bxf3 11. gxf3 Ne5 12. f4 Nd7 13. Bxg7 Kxg7 14. Qb3
Rb8 15. Bg2 b6 16. Qc3+ f6 17. Qxc7 Rc8 18. Qxc8 Qxc8 19. Rxc8 Rxc8 20. Kd2 Kf7
21. h4 Rc4 22. b3 Rc7 23. Rh3 a5 24. Rc3 Rxc3 25. Kxc3 Ke8 26. Kc4 Kd8 27. a3
Kc7 28. b4 axb4 29. axb4 Kd6 30. Bh3 Nb8 31. Kb5 Kc7 32. Be6 h6 33. Bf7 g5 34.
fxg5 fxg5 35. hxg5 hxg5 36. Be6 Kb7 37. e5 Na6 38. Bc8+ Kxc8 39. Kxa6 Kc7 40.
b5 Kc8 41. Kxb6 Kb8 42. Kc6 Kc8 43. d6 exd6 44. exd6 Kd8 45. b6 g4 46. b7 1-0

[Event "Brasileiro de Jovens 2012 - Absoluto"]
[Site "Sao Paulo"]
[Date "2012.02.18"]
[Round "2.18"]
[White "Silva, Alexandre Freitas S"]
[Black "Dos Santos, Lucas Aparecido"]
[Result "1-0"]
[WhiteElo "1840"]
[BlackElo "1983"]
[PlyCount "103"]
[EventDate "2012.02.18"]

1. e4 c5 2. Nf3 e6 3. Nc3 a6 4. d4 cxd4 5. Nxd4 Qc7 6. Bd3 Nf6 7. O-O Be7 8.
Qe2 d6 9. Be3 e5 10. Nf3 O-O 11. h3 b5 12. a3 h6 13. Nh2 Be6 14. Ng4 Nbd7 15.
f4 Nxg4 16. hxg4 exf4 17. Bxf4 Bf6 18. Rad1 g5 19. Bh2 Bg7 20. Bxb5 Qb6+ 21.
Kh1 axb5 22. Rxd6 Qc5 23. Rd3 Bc4 24. Bd6 Qxd6 25. Rxd6 Bxe2 26. Nxe2 Nc5 27.
Ng3 Be5 28. Rd5 Bxg3 29. Rxc5 Rac8 30. Rxb5 Rxc2 31. a4 Re2 32. b4 Rxe4 33. a5
Rb8 34. Rxb8+ Bxb8 35. Rb1 Bd6 36. a6 Re8 37. b5 Ra8 38. Kg1 Bc5+ 39. Kf1 Rb8
40. Ke2 Kf8 41. Kd3 Ke7 42. Kc4 Ba7 43. Rd1 Rd8 44. Re1+ Kd6 45. Rf1 Ke5 46.
Re1+ Kf6 47. Rf1+ Kg6 48. Rb1 Rd4+ 49. Kc3 Rxg4 50. b6 Ra4 51. bxa7 Rxa6 52.
Rb6+ 1-0

[Event "Brasileiro de Jovens 2012 - Absoluto"]
[Site "Sao Paulo"]
[Date "2012.02.18"]
[Round "2.19"]
[White "Santana, Eduardo Rigonatti"]
[Black "Evangelista Jr, Ademar Pereira"]
[Result "1-0"]
[WhiteElo "1784"]
[BlackElo "1921"]
[PlyCount "89"]
[EventDate "2012.02.18"]

1. e4 c5 2. Nf3 Nc6 3. c3 d5 4. exd5 Qxd5 5. d4 Bg4 6. Be2 e6 7. Be3 cxd4 8.
cxd4 Nf6 9. O-O Be7 10. Nc3 Qd6 11. Qb3 Qb4 12. Qxb4 Bxb4 13. Rac1 O-O 14. Rfd1
h6 15. d5 Nxd5 16. Nxd5 exd5 17. Rxd5 Be6 18. Rb5 Rab8 19. Bf4 a6 20. Rb6 Ba5
21. Rcxc6 Bxa2 22. Bxb8 bxc6 23. Rb7 Bd5 24. Bd6 Rd8 25. Rb8 Rxb8 26. Bxb8 Kf8
27. Bxa6 Ke7 28. Nd4 Bb6 29. Nf5+ Kf6 30. Ne3 Be6 31. Bb7 Bd4 32. b4 Bd7 33.
Kf1 c5 34. Nd5+ Kg6 35. Ba7 Bb5+ 36. Kg1 Bxf2+ 37. Kxf2 cxb4 38. Nxb4 Kh7 39.
Bc6 Bc4 40. Bd5 Bb5 41. Bxf7 Kh8 42. Bd4 Kh7 43. Nd5 Kh8 44. Ne7 Bd7 45. Ng6+
1-0

[Event "Brasileiro de Jovens 2012 - Absoluto"]
[Site "Sao Paulo"]
[Date "2012.02.19"]
[Round "3.1"]
[White "Alvarenga De Carvalho, Miguel A"]
[Black "Bueno, Alfeu Junior Varela"]
[Result "0-1"]
[WhiteElo "2062"]
[BlackElo "2305"]
[PlyCount "44"]
[EventDate "2012.02.18"]

1. e4 e6 2. d4 d5 3. Nc3 Nf6 4. e5 Nfd7 5. f4 c5 6. Nf3 Nc6 7. Be3 cxd4 8. Nxd4
Bc5 9. Qd2 O-O 10. O-O-O a6 11. Qf2 Nxd4 12. Bxd4 Qe7 13. Bd3 b5 14. Rhe1 b4
15. Ne2 a5 16. f5 exf5 17. Qxf5 g6 18. Qg4 a4 19. Bxc5 Nxc5 20. Nd4 Ba6 21. Qf3
Nxd3+ 22. cxd3 Qc5+ 0-1

[Event "Brasileiro de Jovens 2012 - Absoluto"]
[Site "Sao Paulo"]
[Date "2012.02.19"]
[Round "3.2"]
[White "Abdalla, Jose Lucas Aurelli"]
[Black "Rodrigues, Tiago Pereira"]
[Result "1/2-1/2"]
[WhiteElo "2050"]
[BlackElo "2119"]
[PlyCount "61"]
[EventDate "2012.02.18"]

1. e4 e6 2. d3 c5 3. g3 Nc6 4. Bg2 g6 5. Nf3 Bg7 6. O-O d6 7. c3 e5 8. Be3 Nf6
9. d4 Ng4 10. Bg5 Bf6 11. Bxf6 Nxf6 12. d5 Nb8 13. Nfd2 O-O 14. f4 exf4 15.
gxf4 Nbd7 16. a4 Nh5 17. Nc4 Nb6 18. Nba3 Nxc4 19. Nxc4 b6 20. b4 f6 21. e5
fxe5 22. fxe5 Rxf1+ 23. Qxf1 dxe5 24. d6 Qg5 25. Kh1 Rb8 26. Bd5+ Kg7 27. d7
Nf4 28. dxc8=Q Rxc8 29. Be4 cxb4 30. cxb4 Rf8 31. Qc1 1/2-1/2

[Event "Brasileiro de Jovens 2012 - Absoluto"]
[Site "Sao Paulo"]
[Date "2012.02.19"]
[Round "3.3"]
[White "Pirola, Claudionor Alcides"]
[Black "Devescovi Parreira, Pedro Paulo"]
[Result "0-1"]
[WhiteElo "2101"]
[BlackElo "2008"]
[PlyCount "60"]
[EventDate "2012.02.18"]

1. d4 Nf6 2. Nf3 g6 3. g3 Bg7 4. Bg2 d6 5. c4 O-O 6. O-O Nc6 7. Nc3 a6 8. h3
Rb8 9. Bg5 Bd7 10. Qd2 Qc8 11. Kh2 e5 12. d5 Nd4 13. Ng1 b5 14. e3 Nf5 15. g4
Ne7 16. c5 b4 17. Bxf6 bxc3 18. bxc3 Bxf6 19. c6 Be8 20. Rfb1 Bg7 21. Bf1 Rxb1
22. Rxb1 f5 23. e4 fxe4 24. Bg2 Rf4 25. Rb7 Nxc6 26. dxc6 Bxc6 27. Rb4 Qf8 28.
Kg3 Bh6 29. Qb2 Rxf2 30. Qb3+ Kg7 0-1

[Event "Brasileiro de Jovens 2012 - Absoluto"]
[Site "Sao Paulo"]
[Date "2012.02.19"]
[Round "3.4"]
[White "Quintiliano Pinto, Renato R"]
[Black "Pereira, Amanda Marques"]
[Result "1-0"]
[WhiteElo "2263"]
[BlackElo "1981"]
[PlyCount "87"]
[EventDate "2012.02.18"]

1. c4 Nf6 2. Nf3 e6 3. g3 d5 4. d4 b6 5. Bg2 Bb7 6. O-O Be7 7. Qa4+ Qd7 8. Qc2
Nc6 9. cxd5 exd5 10. Nc3 O-O 11. Rd1 Rfd8 12. Bf4 Bd6 13. Be5 Nb4 14. Qb1 Ng4
15. a3 Na6 16. Ng5 f5 17. Nxd5 h6 18. Qa2 Kh8 19. Nxb6 cxb6 20. Nf7+ Kh7 21.
Bxb7 Qxb7 22. Nxd6 Qd7 23. b4 Rf8 24. Qc2 Kh8 25. e3 Nc7 26. h3 Nxe5 27. dxe5
g6 28. Rac1 Ne6 29. Nxf5 Qh7 30. Nh4 Rg8 31. Rd6 Rge8 32. Kg2 Qf7 33. Rcd1 Re7
34. Qe4 Kh7 35. f4 Rf8 36. Qd5 Rc8 37. Rd2 Rc3 38. Rd7 Rc7 39. Rxe7 Qxe7 40.
Qe4 Qg7 41. Nxg6 Qxg6 42. f5 Qg5 43. fxe6+ Kh8 44. Rd7 1-0

[Event "Brasileiro de Jovens 2012 - Absoluto"]
[Site "Sao Paulo"]
[Date "2012.02.19"]
[Round "3.5"]
[White "Bufalo, Alexander Davidson"]
[Black "Feliciano Ebert, Vanessa"]
[Result "1-0"]
[WhiteElo "1752"]
[BlackElo "2194"]
[PlyCount "51"]
[EventDate "2012.02.18"]

1. d4 Nf6 2. Nf3 g6 3. c4 Bg7 4. g3 d6 5. Bg2 O-O 6. Nc3 Nc6 7. e4 a6 8. O-O
Rb8 9. h3 Na5 10. Qd3 b5 11. cxb5 axb5 12. b4 Nc4 13. Nxb5 Ba6 14. Na3 Rxb4 15.
Re1 c5 16. Nxc4 Bxc4 17. Qe3 Qd7 18. dxc5 Nxe4 19. Qxe4 d5 20. Qe3 Bxa1 21. Ba3
Ra4 22. Rxa1 Rfa8 23. c6 Qxc6 24. Bxe7 Rxa2 25. Rxa2 Rxa2 26. Qh6 1-0

[Event "Brasileiro de Jovens 2012 - Absoluto"]
[Site "Sao Paulo"]
[Date "2012.02.19"]
[Round "3.6"]
[White "Mandetta, Joao Danilo"]
[Black "Pinto, Rendrex Lopes"]
[Result "1/2-1/2"]
[WhiteElo "2141"]
[BlackElo "1890"]
[PlyCount "135"]
[EventDate "2012.02.18"]

1. Nf3 Nf6 2. c4 e6 3. g3 b6 4. Bg2 Bb7 5. O-O c5 6. Nc3 Be7 7. d4 cxd4 8. Qxd4
Nc6 9. Qd2 d5 10. cxd5 exd5 11. Rd1 Bb4 12. Qe3+ Ne7 13. Qd3 O-O 14. Bg5 Bxc3
15. Qxc3 Ne4 16. Qd3 Re8 17. Bf4 Ng6 18. Be3 Qe7 19. Rac1 Nd6 20. b3 Rad8 21.
h4 Ne4 22. Bd4 Nf8 23. Qb1 Ne6 24. Qb2 Nd6 25. e3 Rc8 26. Qa3 Rxc1 27. Rxc1 Rc8
28. Ba1 Rxc1+ 29. Qxc1 Qc7 30. Qb2 Ne8 31. Ng5 Nxg5 32. hxg5 Qe7 33. Qe5 Qxe5
34. Bxe5 Kf8 35. Kf1 Ke7 36. Ke2 a6 37. Kd3 Ke6 38. Kd4 f6 39. Bh3+ f5 40. g4
g6 41. gxf5+ gxf5 42. b4 Bc8 43. f3 Bb7 44. f4 Bc8 45. Bg2 Bb7 46. Bf3 Bc6 47.
Bd1 Nd6 48. Bxd6 Kxd6 49. a4 a5 50. b5 Bd7 51. Bh5 Be6 52. Be8 Bg8 53. g6 hxg6
54. Bxg6 Ke6 55. Bh5 Kd6 56. Be8 Ke7 57. Bh5 Kf6 58. Be8 Ke6 59. Bc6 Kd6 60.
Be8 Ke6 61. Bh5 Kd6 62. Bf3 Bf7 63. Be2 Ke6 64. Bd1 Kd6 65. Bf3 Bg8 66. Bh5 Ke6
67. Be8 Kd6 68. Bc6 1/2-1/2

[Event "Brasileiro de Jovens 2012 - Absoluto"]
[Site "Sao Paulo"]
[Date "2012.02.19"]
[Round "3.7"]
[White "Barbosa, Fernando"]
[Black "Poeta, Caio Medeiros"]
[Result "1-0"]
[WhiteElo "2086"]
[BlackElo "1931"]
[PlyCount "83"]
[EventDate "2012.02.18"]

1. e4 c5 2. Nf3 e6 3. d3 Nc6 4. g3 g6 5. Bg2 Bg7 6. O-O Nge7 7. Nbd2 O-O 8. Re1
d5 9. c3 e5 10. exd5 Nxd5 11. Nc4 Re8 12. a4 b6 13. Ng5 f6 14. Qf3 Nde7 15. Ne4
Rf8 16. a5 Rb8 17. axb6 axb6 18. g4 Be6 19. h3 Qc7 20. Qg3 Nd5 21. Na3 Na7 22.
Qf3 Qe7 23. Ng3 Qf7 24. Bd2 b5 25. Ne4 Qe7 26. d4 cxd4 27. cxd4 Nc6 28. dxe5
Nxe5 29. Qg3 g5 30. Nc2 Bf7 31. Nd4 Qd7 32. Nf5 Nc4 33. Bc1 Qc7 34. Qf3 Ne5 35.
Qe2 Rbd8 36. Qxb5 Nb6 37. Be3 Nec4 38. Bd4 Be6 39. Nxg7 Kxg7 40. Qxg5+ Kh8 41.
Bxf6+ Rxf6 42. Qxf6+ 1-0

[Event "Brasileiro de Jovens 2012 - Absoluto"]
[Site "Sao Paulo"]
[Date "2012.02.19"]
[Round "3.8"]
[White "Gotz, Klaus Seiji Furucho"]
[Black "Vizzotto, Bernardo"]
[Result "1/2-1/2"]
[WhiteElo "1929"]
[BlackElo "1991"]
[PlyCount "68"]
[EventDate "2012.02.18"]

1. d4 Nf6 2. c4 e6 3. Nf3 d5 4. Bg5 Bb4+ 5. Nbd2 h6 6. Bxf6 Qxf6 7. Qa4+ Nc6 8.
e3 Bd7 9. Qc2 O-O 10. Be2 dxc4 11. Bxc4 Na5 12. Bd3 c5 13. dxc5 Rac8 14. O-O
Bxc5 15. Ne4 Qe7 16. Nxc5 Rxc5 17. Qe2 Nc6 18. a3 e5 19. Nd2 Nd8 20. Rac1 Rxc1
21. Rxc1 Ne6 22. b4 f5 23. Bc4 a5 24. Bxe6+ Bxe6 25. Qb5 axb4 26. axb4 e4 27.
h3 Rd8 28. Nf1 Rd5 29. Qb6 Rd6 30. Qb5 Qd7 31. Qe5 Rd5 32. Qb8+ Kh7 33. Rc7 Qd6
34. Qxb7 Qe5 1/2-1/2

[Event "Brasileiro de Jovens 2012 - Absoluto"]
[Site "Sao Paulo"]
[Date "2012.02.19"]
[Round "3.9"]
[White "Mendonca, Mateus Nakajo"]
[Black "Araujo, Leonardo Augusto De"]
[Result "1-0"]
[WhiteElo "2158"]
[BlackElo "1906"]
[PlyCount "57"]
[EventDate "2012.02.18"]

1. Nf3 Nf6 2. c4 e6 3. g3 b6 4. Bg2 Bb7 5. Nc3 d6 6. d4 Be7 7. O-O Nbd7 8. d5
e5 9. Nh4 g6 10. f4 exf4 11. gxf4 Nh5 12. Nf3 Bf6 13. Ne4 Qe7 14. Nxf6+ Ndxf6
15. Nd4 Ng7 16. Bh3 Rg8 17. Rf3 Kf8 18. Kf1 Bc8 19. Bg2 Ng4 20. Kg1 Bd7 21. h3
Nh6 22. e4 Qh4 23. Be3 Re8 24. Bf2 Qh5 25. Qc2 f5 26. e5 dxe5 27. fxe5 Rxe5 28.
Bg3 Re4 29. Qxe4 1-0

[Event "Brasileiro de Jovens 2012 - Absoluto"]
[Site "Sao Paulo"]
[Date "2012.02.19"]
[Round "3.10"]
[White "Rogani, Bruno"]
[Black "Cruz, William Ferreira Da"]
[Result "0-1"]
[WhiteElo "1918"]
[BlackElo "2152"]
[PlyCount "82"]
[EventDate "2012.02.18"]

1. e4 e6 2. d4 d5 3. Nd2 Nf6 4. e5 Nfd7 5. Bd3 c5 6. c3 Nc6 7. Ne2 cxd4 8. cxd4
f6 9. exf6 Nxf6 10. Nf3 Bd6 11. O-O O-O 12. Re1 Qc7 13. Nc3 a6 14. Bg5 Nh5 15.
Rc1 Nf4 16. Bb1 Qf7 17. Qc2 Qh5 18. Bxf4 Rxf4 19. Qd3 Rxf3 20. gxf3 Bf4 21.
Qxh7+ Qxh7 22. Bxh7+ Kxh7 23. Rcd1 b5 24. Ne2 Bd6 25. a3 Bd7 26. Kg2 Ne7 27.
Rd3 Ng6 28. Kh1 Nf4 29. Rb3 Nxe2 30. Rxe2 Kg6 31. Re1 Rh8 32. Rg1+ Kf6 33. Rg2
e5 34. Rd3 Bh3 35. Rg1 Bf5 36. Rd2 exd4 37. Rg2 d3 38. Kg1 Bf4 39. Rd1 d2 40.
Kf1 Bh3 41. Kg1 Bxg2 0-1

[Event "Brasileiro de Jovens 2012 - Absoluto"]
[Site "Sao Paulo"]
[Date "2012.02.19"]
[Round "3.11"]
[White "Araujo, Renan Aparecido"]
[Black "Brandao, Renan Alves"]
[Result "1-0"]
[WhiteElo "1918"]
[BlackElo "2096"]
[PlyCount "159"]
[EventDate "2012.02.18"]

1. d4 Nf6 2. Nf3 e6 3. c4 c5 4. d5 b5 5. a4 b4 6. Bg5 h6 7. Bxf6 Qxf6 8. Qc2
Na6 9. e4 e5 10. Nbd2 d6 11. h3 Qd8 12. Bd3 Be7 13. b3 Nc7 14. Nf1 Bd7 15. Ne3
g6 16. O-O-O Rb8 17. Qb2 Bf6 18. g4 Bg7 19. h4 Na8 20. h5 g5 21. Nd2 Qa5 22.
Kc2 Rh7 23. Ra1 Nb6 24. Ndf1 Bf8 25. Ng3 f6 26. Ngf5 Kd8 27. Rh3 Be8 28. Rf3
Rf7 29. Ng3 Na8 30. Ngf5 Rb6 31. Kd1 Ra6 32. Bc2 Qb6 33. Nf1 Ra5 34. Nd2 Qa6
35. Ng3 Nb6 36. Qa2 Bd7 37. Nf5 Ke8 38. Kc1 Qc8 39. Kd1 Qd8 40. Ke2 Bc8 41. Kf1
Rb7 42. Kg2 Kf7 43. Kg3 Bd7 44. Qb2 Qe8 45. Rd3 Na8 46. Ne3 Rb6 47. Bd1 Rba6
48. f3 Nb6 49. Kh3 Ke7 50. Kg3 Kd8 51. Kg2 Kc8 52. Kg3 Kb7 53. Kg2 Ka8 54. Kg3
Kb7 55. Kg2 Kb8 56. Kg3 Ka8 57. Kg2 Bxa4 58. bxa4 Nxa4 59. Bxa4 Rxa4 60. Rxa4
Rxa4 61. Nb3 Qc8 62. Rd1 Qa6 63. Ra1 Rxa1 64. Qxa1 Qxa1 65. Nxa1 a5 66. Nd1 a4
67. Kf2 Kb7 68. Nb2 a3 69. Nd1 Ka6 70. Nb3 Kb6 71. Ke2 Be7 72. Kd3 Bf8 73. Kc2
Be7 74. Ne3 Ka6 75. Nf5 Bf8 76. Nd2 Ka5 77. Kb3 Kb6 78. Nf1 Kc7 79. N1e3 Kd7
80. Nxh6 1-0

[Event "Brasileiro de Jovens 2012 - Absoluto"]
[Site "Sao Paulo"]
[Date "2012.02.19"]
[Round "3.12"]
[White "Roverso, Leandro"]
[Black "Rodrigues, Bruno Morado"]
[Result "1-0"]
[WhiteElo "1913"]
[BlackElo "2066"]
[PlyCount "81"]
[EventDate "2012.02.18"]

1. e4 c5 2. Nf3 Nc6 3. d4 cxd4 4. Nxd4 e5 5. Nb5 d6 6. N1c3 a6 7. Na3 b5 8. Nd5
Nce7 9. c4 Nxd5 10. Qxd5 Be6 11. Qc6+ Bd7 12. Qd5 Nf6 13. Qd3 Bc6 14. f3 Be7
15. cxb5 axb5 16. Nxb5 O-O 17. Be2 d5 18. exd5 Nxd5 19. Nc3 Bc5 20. Nxd5 Bxd5
21. Be3 e4 22. fxe4 Bb4+ 23. Kf2 Qf6+ 24. Bf3 Be6 25. Qd4 Qe7 26. a3 Ba5 27. b4
Bc7 28. e5 f6 29. Qc5 Qf7 30. exf6 Rac8 31. Qe7 Qg6 32. Qxe6+ Kh8 33. fxg7+
Qxg7 34. Rad1 Rce8 35. Qh6 Qf7 36. Bd4+ Be5 37. Bxe5+ Rxe5 38. Rhe1 Qa7+ 39.
Kf1 Ref5 40. Qe3 Qg7 41. Kf2 1-0

[Event "Brasileiro de Jovens 2012 - Absoluto"]
[Site "Sao Paulo"]
[Date "2012.02.19"]
[Round "3.13"]
[White "Carvalho, Rafael Cunha De"]
[Black "Takeda, Lucas Koji"]
[Result "1-0"]
[WhiteElo "2053"]
[BlackElo "1862"]
[PlyCount "67"]
[EventDate "2012.02.18"]

1. Nf3 Nf6 2. c4 e6 3. g3 d5 4. Bg2 Be7 5. O-O O-O 6. Qc2 c5 7. cxd5 Nxd5 8.
Nc3 Nc6 9. Rd1 Ndb4 10. Qb1 Bf6 11. a3 Nd5 12. Ne4 Be7 13. d4 cxd4 14. Nxd4
Nxd4 15. Rxd4 Qb6 16. Rd1 f5 17. Nc3 Nxc3 18. bxc3 Qc7 19. Qb3 Bf6 20. Rd3 Kh8
21. Rb1 a5 22. a4 Rd8 23. Rxd8+ Bxd8 24. Be3 Bf6 25. c4 e5 26. Qb5 h6 27. Qe8+
Kh7 28. Bd5 Qd8 29. Qf7 Be7 30. Rb6 Ra6 31. Bxh6 Qf8 32. Qg6+ Kh8 33. Rxa6 bxa6
34. Bd2 1-0

[Event "Brasileiro de Jovens 2012 - Absoluto"]
[Site "Sao Paulo"]
[Date "2012.02.19"]
[Round "3.14"]
[White "Silva, Alexandre Freitas S"]
[Black "Saito, Vinicius"]
[Result "1/2-1/2"]
[WhiteElo "1840"]
[BlackElo "2042"]
[PlyCount "63"]
[EventDate "2012.02.18"]

1. e4 e6 2. d4 d5 3. Nc3 Bb4 4. e5 c5 5. Bd2 Ne7 6. Nb5 Bxd2+ 7. Qxd2 O-O 8. f4
cxd4 9. Nf3 Qb6 10. O-O-O Bd7 11. Nbxd4 Nbc6 12. Bd3 Rac8 13. Kb1 Na5 14. g4
Nc4 15. Bxc4 Rxc4 16. h4 Rfc8 17. h5 Nc6 18. f5 Rxd4 19. Nxd4 Nxe5 20. Qe3 Nc4
21. Qb3 e5 22. Qxb6 Nxb6 23. Nf3 Re8 24. Rhe1 e4 25. Nd4 h6 26. b3 Kf8 27. Kb2
a5 28. a4 f6 29. Re3 Rc8 30. Rc3 Bc6 31. Ne6+ Ke7 32. Rc5 1/2-1/2

[Event "Brasileiro de Jovens 2012 - Absoluto"]
[Site "Sao Paulo"]
[Date "2012.02.19"]
[Round "3.15"]
[White "Sztokbant, Bernardo Vainzoff"]
[Black "Santana, Eduardo Rigonatti"]
[Result "1/2-1/2"]
[WhiteElo "2016"]
[BlackElo "1784"]
[PlyCount "61"]
[EventDate "2012.02.18"]

1. e4 Nf6 2. Nc3 d5 3. e5 d4 4. exf6 dxc3 5. bxc3 exf6 6. Nf3 Bd6 7. Be2 O-O 8.
O-O c5 9. d3 Nc6 10. Be3 Qa5 11. c4 Be6 12. Qb1 Qc7 13. c3 Bf5 14. h3 h6 15.
Qb5 a6 16. Qb2 Rab8 17. d4 Ne7 18. Qd2 Rfd8 19. Bd3 b5 20. cxb5 axb5 21. Rfb1
Bxd3 22. Qxd3 c4 23. Qc2 Nd5 24. Bd2 Rdc8 25. a3 Qe7 26. Qf5 Qe6 27. Qxe6 fxe6
28. g3 Kf7 29. Ne1 Rc6 30. Nc2 Ra6 31. Rb2 1/2-1/2